Stationary phase for analysis of the oxidation products of p-xylene by gas-liquid chromatography

Bibliographic Details
Main Authors: Šingliar, Michal, 1923- (Author), Macho, Vendelín, 1931-2011 (Author), Revús, Miloš, 1929-2017 (Author)
Format: Article
Language:Slovak
English
PhysicalDescription:Obr. 3. Tb. 5. Res. angl., rus.
Subjects:

MARC

LEADER 00000nab a2200000 a 4500
001 vtls000067828
003 SK-MaSNL
005 20260304073512.0
008 250422c1980 xo 0 slo
015 |a SNBRB19rr/mm-uuuuu 
035 |a CL0077928 
035 |a urn:nbn:sk:snk-ab7iz3 
035 |a (urnnbn)urn:nbn:sk:snk:ar-005xp5 
035 |a (uuid)cb8d05b4-420e-48b8-96bd-7f13b3abdf66 
040 |a SNKBUCL  |b slo  |c SNKBUCL  |e AACR2 
041 0 |a eng 
044 |a xo  |c SK 
080 |a 547  |2 1981 
080 |a 543  |2 1981 
100 1 |a Šingliar, Michal,  |d 1923-  |4 aut  |9 220715 
245 1 0 |a Stationary phase for analysis of the oxidation products of p-xylene by gas-liquid chromatography  |c M. Šingliar, V. Macho, M. Revús 
300 |b Obr. 3. Tb. 5. Res. angl., rus. 
650 0 7 |a plynová chromatografia  |2 snkbucl  |9 29309 
650 0 7 |a p-xylén  |2 snkbucl  |9 1113594 
655 7 |a články z novín a časopisov  |2 snkbucl  |9 267496 
700 1 |a Macho, Vendelín,  |d 1931-2011  |4 aut  |9 159871 
700 1 |a Revús, Miloš,  |d 1929-2017  |4 aut  |9 263370 
773 0 |t Chemické zvesti  |g Roč. 34, č. 2 (1980), s. 203-212 
850 |a Slovenská národná knižnica 
852 |a Slovenská národná knižnica 
958 |a article7 
958 |a RK 
958 |a OND 
958 |a EUIPO 
992 |a RBX 
999 |c 2771841  |d 2773771